Reestructuración industrial y apertura económica (Registro nro. 4019)
[ vista simple ]
| 000 -LEADER | |
|---|---|
| fixed length control field | 01997 a2200253 4500 |
| 001 - CONTROL NUMBER | |
| control field | 45837 |
| 005 - DATE AND TIME OF LATEST TRANSACTION | |
| control field | 20260407155730.0 |
| 008 - FIXED-LENGTH DATA ELEMENTS--GENERAL INFORMATION | |
| fixed length control field | 260407a1997 arg spa d |
| 003 - CONTROL NUMBER IDENTIFIER | |
| control field | AR-UNSa-BCEJYS |
| 040 ## - CATALOGING SOURCE | |
| Original cataloging agency | AR-UNSa-BCEJYS |
| Language of cataloging | spa |
| Transcribing agency | AR-UNSa-BCEJYS |
| 080 ## - UNIVERSAL DECIMAL CLASSIFICATION NUMBER | |
| Universal Decimal Classification number | 338.45:676 |
| Common auxiliary subdivision | Industria del papel y carton (sector económico) |
| 020 ## - INTERNATIONAL STANDARD BOOK NUMBER | |
| International Standard Book Number | 950-40-0151-3 |
| 041 ## - LANGUAGE CODE | |
| Language code of text/sound track or separate title | spa |
| 100 1# - MAIN ENTRY--PERSONAL NAME | |
| Personal name | Katz, Jorge M. |
| 245 10 - TITLE STATEMENT | |
| Title | Reestructuración industrial y apertura económica |
| Name of part/section of a work | la industria de celulosa y papel de Argentina, Brasil y Chile en los años 90 |
| 264 #1 - PRODUCTION, PUBLICATION, DISTRIBUTION, MANUFACTURE, AND COPYRIGHT NOTICE | |
| Place of production, publication, distribution, manufacture | Buenos Aires : |
| Name of producer, publisher, distributor, manufacturer | Alianza |
| Date of production, publication, distribution, manufacture, or copyright notice | 1997 |
| 300 ## - PHYSICAL DESCRIPTION | |
| Extent | 383 p. |
| Dimensions | 20 cm. |
| 505 ## - FORMATTED CONTENTS NOTE | |
| Formatted contents note | Primera Parte : La industria celulosa y papel a nivel internacional : principales características y tendencias recientes : 1. Desarrollo y estructura de la industria mundial de celulosa y papel / Mauricio MendonÇa – 2. El desarrollo y las perspectivas de la industria sueca de pulpa y papel / Börje Svensson - - Segunda Parte : La producción y de celulosa y papel en Argentina, Brasil y Chile después de la industrialización sustitutiva : 3. Desarrollo y crisis de la producción de celulosa en Argentina / Néstor Bercovich y Martina Chidiak – 4. Desarrollo y competitividad de la industria de la celulosa y papel en Brasil / Mauricio MendonÇa – 5. Evolución, reestructuración y éxito exportador de la industria chilena de celulosa y papel,/ Giovanni Stumpo - - Tercera Parte : 6. Un análisis comparativo del desarrollo de la industria de celulosa y papel en Argentina, Brasil y chile / Néstor Bercovich y Mauricio MendonÇa - - Cuarta Parte : Balance y perspectivas de la industria de celulosa y papel en el Cono Sur de América latina en los años noventa. Algunas conclusiones / Néstor Bercovich. |
| 590 ## - LOCAL NOTE (RLIN) | |
| Local note | niveau_biblio:m niveau_hierar:0 |
| 700 1# - ADDED ENTRY--PERSONAL NAME | |
| Personal name | Bercovich, Néstor |
| 700 1# - ADDED ENTRY--PERSONAL NAME | |
| Personal name | Chidiak, Martina |
| 856 41 - ELECTRONIC LOCATION AND ACCESS | |
| Uniform Resource Identifier | <a href="https://www.biblioeco.unsa.edu.ar/pmb/images/libros/L85553.jpg">https://www.biblioeco.unsa.edu.ar/pmb/images/libros/L85553.jpg</a> |
| Link text | Imagen de portada |
| Electronic format type | image/jpeg |
| 942 ## - ADDED ENTRY ELEMENTS (KOHA) | |
| Koha item type | |
| Withdrawn status | Lost status | Damaged status | Not for loan | Home library | Current library | Shelving location | Date acquired | Total checkouts | Full call number | Barcode | Date last seen | Price effective from | Koha item type |
|---|---|---|---|---|---|---|---|---|---|---|---|---|---|
| Biblioteca Prof. Eusebio Cleto del Rey | Biblioteca Prof. Eusebio Cleto del Rey | 07/04/2026 | 338.45:676 B485 | L85553 | 07/04/2026 | 07/04/2026 | Libro | ||||||
| Biblioteca Prof. Eusebio Cleto del Rey | Biblioteca Prof. Eusebio Cleto del Rey | 07/04/2026 | 338.45:676 B485 | L85556 | 07/04/2026 | 07/04/2026 | Libro | ||||||
| Biblioteca Prof. Eusebio Cleto del Rey | Biblioteca Prof. Eusebio Cleto del Rey | 07/04/2026 | 338.45:676 B485 | L85554 | 07/04/2026 | 07/04/2026 | Libro | ||||||
| Biblioteca Prof. Eusebio Cleto del Rey | Biblioteca Prof. Eusebio Cleto del Rey | 07/04/2026 | 338.45:676 B485 | L85557 | 07/04/2026 | 07/04/2026 | Libro | ||||||
| Biblioteca Prof. Eusebio Cleto del Rey | Biblioteca Prof. Eusebio Cleto del Rey | 07/04/2026 | 338.45:676 B485 | L85555 | 07/04/2026 | 07/04/2026 | Libro |